Inž. JAN OSOLSOBĚ, DrSc. mrtev

Bibliographic Details
Main Author: Gert, R. (Author)
Format: Article
Language:Czech

MARC

LEADER 00000nab a2200000uu 4500
001 vtls011481588
003 SK-MaSNL
005 20260303132542.0
008 230218|1965 xo |||||||||||||||||cze|
015 |a SNBRB 
035 |a (urnnbn)urn:nbn:sk:snk:ar-006sv0 
035 |a (uuid)2c1c907a-ac37-48c9-924d-6e07217a0262 
035 |a urn:nbn:sk:snk-abd8v9 
040 |a SNKBUCL  |b slo  |c SNKBUCL  |e AACR2 
041 0 |a cze 
044 |a xo  |c SK 
100 1 |a Gert, R.  |4 aut  |9 1150297 
245 1 0 |a Inž. JAN OSOLSOBĚ, DrSc. mrtev  |c R. Gert 
773 0 |t Elektrotechnický časopis : časopis Elektrotechnického ústavu CEFV SAV Bratislava  |g Roč. 16, č. 6 (1965), s. 381-382 
954 |a odborná, vedecká literatúra cudzojazyčná (svetová)  |2 lita 
958 |a OND 
958 |a EUIPO 
958 |a article18 
999 |c 1951925  |d 1953855